000
00294nam a22001217a 4500
020
_a
0-89838-250-5
082
_a
006.454 CHU'P
100
_a
CHURCH, KENNETH W
_9
65243
245
_a
PHONOLOGICAL PARSING IN SPEECH RECOGNITION
260
_a
BOSTON
_b
KLUWER
_c
1987
300
_a
261P
942
_c
BK
999
_c
573516
_d
573516